| 000 | 01915nam a2200433 a 4500 | ||
|---|---|---|---|
| 999 |
_c132456 _d132456 |
||
| 003 | BLK | ||
| 005 | 20240322133549.0 | ||
| 008 | 180409b bul|||||r ||||||| ||bul|| | ||
| 010 | _aKNG00138323000 | ||
| 040 | _aBLK | ||
| 041 |
_aBUL _cBUL |
||
| 080 |
_aБио-библиографии _b016:929 _z016:929 |
||
| 080 |
_aКомунистически партии. Вж и 327.323 _b329.15 _x(497.2)БКП(092)(01) _z329.15(497.2)БКП(092)(01) |
||
| 080 |
_b929 Коларов, Васил Петров _z929 Коларов, Васил Петров |
||
| 100 | 1 |
_aЕдрева, Павлина Георгиева _eпърви автор _9378369 |
|
| 139 |
_aЕдрева, Павлина Георгиева _bЕ 34 |
||
| 245 | 1 | 0 |
_aВасил Коларов _b95 г. от рождението му : Летопис и препоръч. библиогр. _cПавлина Георгиева Едрева. |
| 257 | _aBGR | ||
| 260 |
_bНар. библ. Кирил и Методий _c1972 _aСофия |
||
| 300 |
_a48 с. _c25 см |
||
| 380 | _a0 | ||
| 500 | _aИзд. на Нар. библ. Кирил и Методий. Отд. Препоръч. библиогр. - 1 500 тир. | ||
| 600 | 1 | 4 |
_aКоларов, Васил Петров _d1877-1950 _gПолитически деец. _980859 |
| 650 | 4 |
_aБиблиографии _9148390 |
|
| 650 | 4 |
_aКоларов, Васил Петров _9367002 |
|
| 651 | 4 |
_aБългария _9241624 |
|
| 653 | _aВасил Коларов | ||
| 653 | _aбио-библиографии | ||
| 653 | _aбиблиографски указатели | ||
| 653 | _aполитици | ||
| 653 | _aБКП | ||
| 852 |
_aЦб 63824 _bЦб |
||
| 856 | 4 | _qpdf | |
| 856 | 4 | _qpdf | |
| 942 |
_cKNG _n0 _s1 |
||
| 944 |
_aCR _c23.01.2013 _lГеновева Генчева _k30560 |
||
| 944 |
_aED _c23.01.2013 _l23.01.2013 - от С1,Р / 23.01.2013 |
||
| 999 | _d132456 | ||